Ročenka priemyslu SR 2002

Gespeichert in:
Bibliographische Detailangaben
Format: Buch
Sprache:Slowakisch
Englisch
Veröffentlicht: Bratislava Štatistický úrad Slovenskej republiky 2002
Schlagworte:
Tags: Tag hinzufügen
Keine Tags, Fügen Sie das erste Tag hinzu!

MARC

LEADER 00000nam a2200000 4500
001 c140609
005 20240104102636.3
041 0 |a slo 
041 0 |a eng 
044 |a SK 
245 1 0 |a Ročenka priemyslu SR 2002 
264 1 |a Bratislava  |b Štatistický úrad Slovenskej republiky  |c 2002 
300 |a 154 s. 
610 2 0 |a priemysel 
610 2 0 |a Slovensko